| 000 | 00563nam a22001937a 4500 | ||
|---|---|---|---|
| 003 | 0 | ||
| 005 | 20241121160151.0 | ||
| 008 | 241121b xxu||||| |||| 00| 0 eng d | ||
| 020 | _a9781647254995 | ||
| 050 |
_aQA 445 _b.W38 2024 |
||
| 100 |
_aWatson, April, _eauthor. |
||
| 245 |
_aCollege geometry / _cApril Watson. |
||
| 260 |
_aForest Hills, NY : _bNY Research Press, _c2024. |
||
| 300 |
_aviii, 211 p. : _bcol. ill. ; _c27 cm. |
||
| 504 | _aIncludes bibliographical references and index. | ||
| 650 | _aGeometry. | ||
| 650 | _aMathematics. | ||
| 942 |
_2lcc _cBK |
||
| 999 |
_c366781 _d366781 |
||